Hasil achir. (Record no. 87481)
[ view plain ]
| 000 -LEADER | |
|---|---|
| fixed length control field | 00552cam a22002171 4500 |
| 001 - CONTROL NUMBER | |
| control field | sa 68017035 |
| 003 - CONTROL NUMBER IDENTIFIER | |
| control field | DLC |
| 005 - DATE AND TIME OF LATEST TRANSACTION | |
| control field | 20260227112659.0 |
| 008 - FIXED-LENGTH DATA ELEMENTS--GENERAL INFORMATION | |
| fixed length control field | 890622m19669999io 100 0 dut |
| 010 ## - LIBRARY OF CONGRESS CONTROL NUMBER | |
| LC control number | sa 68017035 |
| 035 ## - SYSTEM CONTROL NUMBER | |
| System control number | (OCoLC)23418613 |
| 040 ## - CATALOGING SOURCE | |
| Original cataloging agency | DLC |
| Transcribing agency | MiU |
| Modifying agency | DLC |
| 042 ## - AUTHENTICATION CODE | |
| Authentication code | premarc |
| 043 ## - GEOGRAPHIC AREA CODE | |
| Geographic area code | a-io--- |
| 050 00 - LIBRARY OF CONGRESS CALL NUMBER | |
| Classification number | UA853.I5 |
| Item number | P7 1966 |
| 111 2# - MAIN ENTRY--MEETING NAME | |
| Meeting name or jurisdiction name as entry element | Pra-Seminar Hankam |
| Number of part/section/meeting | (1st : |
| Date of meeting or treaty signing | 1966 : |
| Location of meeting | Djakarta) |
| 245 00 - TITLE STATEMENT | |
| Title | Hasil achir. |
| 260 ## - PUBLICATION, DISTRIBUTION, ETC. | |
| Place of publication, distribution, etc. | Djakarta |
| Date of publication, distribution, etc. | [1966-] |
| 300 ## - PHYSICAL DESCRIPTION | |
| Extent | v. |
| Dimensions | 33 cm. |
| 651 #0 - SUBJECT ADDED ENTRY--GEOGRAPHIC NAME | |
| Geographic name | Indonesia |
| General subdivision | Defenses |
| Form subdivision | Congresses. |
No items available.